000
00274nam a22001217a 4500
008
170420b xxu||||| |||| 00| 0 eng d
041
_a
SRB
080
_a
573
100
_a
11
101
_a
SHM
245
_a
ANTIMIKROBNA TERAPIJA U PEDIJATRIJI
_c
VLAJIC, B
942
_2
udc
_c
BK
999
_c
11367
_d
11367